Agricultural System Models In Field Research And Technology Transfer. Chapter 4 : (Record no. 927)

MARC details
000 -LEADER
fixed length control field 01265nam a22003257a 4500
001 - CONTROL NUMBER
control field 03591
003 - CONTROL NUMBER IDENTIFIER
control field HDC
007 - PHYSICAL DESCRIPTION FIXED FIELD--GENERAL INFORMATION
fixed length control field cr bn ---aaaaa
008 - FIXED-LENGTH DATA ELEMENTS--GENERAL INFORMATION
fixed length control field 210111t2016 flu||||| |||| 00| 0 eng
020 ## - INTERNATIONAL STANDARD BOOK NUMBER
International Standard Book Number 1-56670-563-0
040 ## - CATALOGING SOURCE
Original cataloging agency HDC
100 ## - MAIN ENTRY--PERSONAL NAME
Personal name Timlin, Dennis J.
Relator term author
9 (RLIN) 19262
245 #0 - TITLE STATEMENT
Title Agricultural System Models In Field Research And Technology Transfer. Chapter 4 :
Remainder of title Experience with On-Farm Applications of GLYCIM / GUICS / by
Statement of responsibility, etc. Dennis J. Timlin, Yakov Pachepsky, Frank D. Whisler, and Vangimalla R. Reddy
260 ## - PUBLICATION, DISTRIBUTION, ETC.
Place of publication, distribution, etc. Boca Raton, Florida:
Name of publisher, distributor, etc. CRC Press,
Date of publication, distribution, etc. 2016
300 ## - PHYSICAL DESCRIPTION
Extent 15 pages
336 ## - CONTENT TYPE
Content type term text
Source rdacontent
337 ## - MEDIA TYPE
Media type term computer
Source rdamedia
338 ## - CARRIER TYPE
Carrier type term online resource
Source rdacarrier
500 ## - GENERAL NOTE
General note Includes bibliographical references
650 ## - SUBJECT ADDED ENTRY--TOPICAL TERM
Topical term or geographic name entry element Agricultural producers
9 (RLIN) 3130
650 ## - SUBJECT ADDED ENTRY--TOPICAL TERM
Topical term or geographic name entry element Agricultural System
9 (RLIN) 3107
650 ## - SUBJECT ADDED ENTRY--TOPICAL TERM
Topical term or geographic name entry element On-farm testing
9 (RLIN) 3131
700 ## - ADDED ENTRY--PERSONAL NAME
Personal name Pachepsky, Yakov
Relator term author
9 (RLIN) 3132
700 ## - ADDED ENTRY--PERSONAL NAME
Personal name Reddy, Vamgimalla R.
9 (RLIN) 3134
Relator term author
700 ## - ADDED ENTRY--PERSONAL NAME
Personal name Whisler, Frank D.
9 (RLIN) 3133
Relator term author
856 ## - ELECTRONIC LOCATION AND ACCESS
Public note Request full-text at [email protected]
942 ## - ADDED ENTRY ELEMENTS (KOHA)
Source of classification or shelving scheme Library of Congress Classification
942 ## - ADDED ENTRY ELEMENTS (KOHA)
Koha item type Chapter in Books
942 ## - ADDED ENTRY ELEMENTS (KOHA)
Call number prefix EBCH 001623
Holdings
Withdrawn status Lost status Source of classification or shelving scheme Damaged status Not for loan Home library Current library Shelving location Date acquired Total checkouts Full call number Date last seen Price effective from Koha item type
    Library of Congress Classification     Halal Development Corporation Library Halal Development Corporation Library Open Shelves 24/05/2023   EBCH 001623 24/05/2023 24/05/2023 Chapter in Books
Halal Development Corporation Berhad (HDC)
5.02 Level 5, KPMG Tower, First Avenue, Persiaran Bandar Utama, 47800 Petaling Jaya, Selangor Darul Ehsan
Phone: +603 7965 5489 Email: [email protected]